1435 1825 1641 1358 1672 1783 1157 1429 1032 1241 1285 1092 1894 1270 1675 1779 1934 1028 1808 1883 1060 1017 1096 1335 1783 1857 1394 1778 1494 1948 1667 1279 1330 1174 1695 1617 1722 1973 1080 1948 1884 1931 1754 1567 1757 1416 1240 1022 1003 1708 1254 1453 1959 1793 1733 1903 1545 1896 1541 1547 1977 1721 1659 1788 1942 1360 1820 1170 1239 1818 1704 1590 1554 1548 1948 1393 1057 1140 1858 1378 1423 1995 1552 1022 1128 1764 1561 1080 1839 1209 1723 1710 1716 1495 1778 1373 1611 1445 1532 BCNSPRNW ULIB Ver.6.0+V

เปลี่ยนเป็นภาษาไทย

Change to English
 แสดงรายละเอียดบรรณานุกรม
  กลับหน้าหลัก

Brief Record : Get Marc (ISO 2709) : E-mail record : QR code < ปิดหน้าต่าง
LEADER : 00000nam 2200000uu 4500
001    13399110922
003     ULIB
008    110613s||||||||th 000 0 tha d
020    9749183320
050  4 AC158^bอ951ด 2004
100    แอนนิต้า กาเนรี่
245    เด็กๆรู้ไหมทำไมลมพัดได้/ ^cผู้แต่ง แอนนิต้า กาเนรี่
260    กรุงเทพฯ : ^bโกรเลียร์ อินเตอร์เนชั่นแนล, ^c2004
300    32 หน้า : ^bภาพประกอบสี ; ^c28 ซม.
650  7 ความรู้รอบตัว
650  7 ลม
945    ^p350^l0^i029032
995    ทศพร
999 ^a ใช้งานได้ทุกระบบ
รายการนี้ยังไม่มีแท็ก
คุณยังไม่ได้ล็อกอิน คุณสามารถมีกิจกรรมร่วมกับเว็บไซต์ได้ แต่ต้องล็อกอินก่อน ::
  ล็อกอิน

รายการสื่อสารสนเทศ

ลำดับที่ ประเภท เลขเรียก/บาร์โค้ด สถานที่ สถานะ
- ไม่พบข้อมูล -

รายการใกล้เคียง
    ผู้แต่ง [แอนนิต้า กาเนรี่]

    หัวเรื่อง [ความรู้รอบตัว]
    หัวเรื่อง [ลม]

BibComment


ยังไม่เคยถูกคอมเมนท์

คอมเมนท์ทรัพยากรรายการนี้
  คอมเมนท์: เด็กๆรู้ไหมทำไมลม..


 Copyright 2026. Bcnsprnw @Library